Top 50 Run Scorers in IPL History - Statistics

General Stats
  • This quiz has been taken 270 times
    136 since last reset
  • The average score is 22 of 50
Answer Stats
Runs 50s 100s Current Team Answer % Correct
7579 52 8 Royal Challengers Virat Kohli
99%
6329 42 1 Indians Rohit Sharma
85%
5121 24 0 Super Kings MS Dhoni
81%
6555 61 4 Capitals David Warner
80%
4965 31 6 *Retired* Chris Gayle
78%
4289 34 4 Super Giants KL Rahul
77%
5162 40 3 *Retired* AB De Villiers
71%
6769 51 2 Kings Shikhar Dhawan
71%
5528 39 1 *Retired* Suresh Raina
71%
4134 23 3 Royals Sanju Samson
68%
3045 20 3 Titans Shubman Gill
67%
3366 19 6 Royals Jos Buttler
63%
2417 10 0 Indians Hardik Pandya
60%
2334 13 1 *Retired* Sachin Tendulkar
57%
2867 19 0 Knight Riders Shreyas Iyer
57%
3249 21 1 Indians Suryakumar Yadav
56%
4242 33 0 Royal Challengers Faf Du Plessis
53%
2776 2 0 Super Kings Ravindra Jadeja
53%
2991 17 1 Capitals Rishabh Pant
53%
3052 22 2 Super Giants Quinton De Kock
52%
2377 11 0 Knight Riders Andre Russell
49%
4217 36 0 *Retired* Gautam Gambhir
48%
2751 18 0 Royal Challengers Glenn Maxwell
48%
3874 21 4 *Retired* Shane Watson
48%
4606 20 0 Royal Challengers Dinesh Karthik
45%
3412 16 0 *Retired* Kieron Pollard
45%
4519 30 2 Super Kings Ajinkya Rahane
41%
4952 27 0 *Retired* Robin Uthappa
41%
3808 22 1 Knight Riders Manish Pandey
40%
4348 22 1 *Retired* Ambati Rayudu
37%
2128 18 0 Titans Kane Williamson
37%
2416 15 0 Indians Ishan Kishan
34%
2791 12 1 Titans David Miller
32%
2485 11 1 *Inactive* Steve Smith
31%
2874 13 1 Titans Wriddhiman Saha
26%
2750 13 0 *Retired* Yuvraj Singh
26%
2880 13 2 *Retired* Brendon Mc Cullum
25%
2619 13 2 *Retired* Murali Vijay
22%
2656 13 1 Sun Risers Mayank Agarwal
21%
2174 11 0 *Retired* Rahul Dravid
20%
2477 20 1 *Retired* Shaun Marsh
20%
2728 16 2 *Retired* Virender Sehwag
19%
2603 18 0 Knight Riders Nitish Rana
16%
2091 15 0 *Inactive* Aaron Finch
15%
2069 11 2 *Retired* Adam Gilchrist
14%
2848 13 0 *Retired* Parthiv Patel
13%
2102 11 0 Sun Risers Rahul Tripathi
11%
3204 13 1 *Retired* Yusuf Pathan
9%
2427 17 0 *Retired* Jacques Kallis
8%
2385 17 0 *Retired* Dwayne Smith
7%
No matching quizzes found
Score Distribution
Percent of People with Each Score
Percentile by Number Answered
Your Score History
You have not taken this quiz since the last reset